000 00677nas a2200241 4500
001 BR0702150
003 BR-BrBNA
005 20231205110735.0
007 ta
008 230509b bl.|||p| |||| 00| 00por d
040 _aBR-BrBNA
_bpor
_cBiblioteca Nacional de Agricultura
041 _a(Es)
072 _aF70
100 1 _aAlonso, J.R.
245 1 _aInsulina vegetal
500 _ano. especial
650 _aINSULINA
650 _aPLANTA MEDICINAL
650 _aTAXONOMIA VEGETAL
773 0 _tRevista de Ciências Agroveterinárias (Brazil)
_xISSN 1676-9732
_g(2006), v. 5(2) p. 13-19
_wBR0702150
909 _a202311
_bLúcia
_c55
_dLúcia Elande
942 _2AGRIS
_n0
_cANA
999 _c188826
_d188826